| 000 | 00691nam a2200205 4500 | ||
|---|---|---|---|
| 001 | 147938 | ||
| 003 | ES-MaACL | ||
| 005 | 20230906202338.0 | ||
| 007 | t| | ||
| 008 | 070214s1960 sp r ||||1| spa d | ||
| 100 | 1 |
_aSpiess, Heinz. _9107725 |
|
| 245 | 1 | 0 |
_aVacunaciones / _cHeinz Spiess ; con la colaboración de F. Hansen ; traducción del alemán por J. Díaz Vázquez ; revisada por F. Ortiz Masllorens. |
| 250 | _a1ª. ed. | ||
| 260 |
_aMadrid : _bPaz Montalvo, _c1960. |
||
| 300 |
_aXV, 415 p. : _bil. ; _c25 cm. |
||
| 700 | 1 |
_aHansen, F. _961762 |
|
| 700 | 1 |
_aDíaz Vázquez, J. _944450 |
|
| 700 | 1 |
_aOrtiz Masllorens, Fernando. _9166268 |
|
| 852 |
_aES-MaACL _jC-18920 _bR.46770 |
||
| 999 |
_c147938 _d147938 |
||